000 00781nam a2200217 a 4500
005 20230214064057.0
008 060519s2000 000 eng d
020 _a9501210758
035 _aUPN01000146124
049 _aCG
050 4 _aHD57.7
_bM3.5
245 1 3 _aEl manual de cambio para líderes :
_buna guía esencial para establecer el rumbo y pasar a la acción /
_ccomp. Jay A. Conger ; tr. de Federico Villegas.
260 _aBuenos Aires :
_bPaidós,
_c2000.
300 _a432 p.
440 0 _aPaidós empresa ;
_v75
534 _pTraducción de:
_tThe leader's change handbook. An essential guide to setting direction and taking action
650 4 _aLiderazgo
_95345
650 4 _aCambio organizacional
_94984
700 1 _aConger, Jay A.,
_ecomp.
905 _aLibro
999 _c118270
_d118270